| 000 | 00615nam a2200205 a 4500 | ||
|---|---|---|---|
| 005 | 20240925064440.0 | ||
| 008 | 010622s1988 ea r 000 0 eng d | ||
| 020 | _a0306428911 | ||
| 035 | _aUPN01000116760 | ||
| 049 | _aCG | ||
| 050 | 4 |
_aBF723 S6.2 _bM3.3 |
|
| 100 | 1 | _aMacDonald, Kevin B. | |
| 245 | 1 | 0 |
_aSocial and personality development : _ban evolutionary synthesis / _cKevin B. MacDonald. |
| 260 |
_aNew York : _bPlenum Press, _cc1988. |
||
| 300 | _axiii, 349 p. | ||
| 650 | 4 |
_aSocialización del niño _93953 |
|
| 650 | 4 |
_aNiños _xPersonalidad _912897 |
|
| 650 | 4 |
_aPadres e hijos _91360 |
|
| 905 | _aLibro | ||
| 999 |
_c89404 _d89404 |
||